00965nam a22002177a 4500003000900000008004100009040007100050082002100121100002400142245007200166260008900238300002900327505019900356650003300555650002100588650002100609650003000630650003400660650002900694650002400723AR-CdUCM190305b ||||| |||| 00| 0 spa d aMUNICIPALIDAD PROVINCIAL DEL CUSCOcBIBLIOTECA MUNICIPAL DEL CUSCO a928. 5 / bF43W aWu Brading, Cecilia aManuel Ferreyros y la patria peruana : bepistolario 1836-1839 /  aLima : b Fondo Editorial de la Pontificia Universidad Católica del Perú,c1991. a362 páginas ; c20 cm. aContenido : Estudio preliminar: Manuel Ferreyros, 1793-1872 -- Epistolario: Cartas a Manuel Ferreyros -- Informes sobre la caída del consejo en 1835, por Manuel Ferreyros 11 y 24 de enero ... aProsa - Perú - Biografía aPoesía Peruana aPoestas peruanos aManuel Ferreyros - Cartas aHistoria - Perú- Literatura aPoetas - Correspondencia aBiografias - poetas